Logo CIB grande

Elementos de máquinas (Registro nro. 238138)

Detalles MARC
000 -LEADER
campo de control de longitud fija 00712nam a22002417a 4500
003 - IDENTIFICADOR DE NÚMERO DE CONTROL
campo de control EC-GqESP
005 - FECHA Y HORA DE LA ÚLTIMA TRANSACCIÓN
campo de control 20250917094304.0
008 - DATOS DE LONGITUD FIJA--INFORMACIÓN GENERAL
campo de control de longitud fija 250917b |||||||| |||| 00| 0 eng d
020 ## - NÚMERO INTERNACIONAL ESTÁNDAR DEL LIBRO
Número Internacional Estándar del Libro 978-84-9171-481-1
041 ## - CÓDIGO DE IDIOMA
Código de lengua del texto/banda sonora o título independiente esp
082 ## - NÚMERO DE LA CLASIFICACIÓN DECIMAL DEWEY
Número de clasificación 621.81
Iniciales del Autor FER
100 ## - ENTRADA PRINCIPAL--NOMBRE DE PERSONA
Nombre de persona Fernández Concellón, Pedro José
245 ## - MENCIÓN DEL TÍTULO
Título Elementos de máquinas
Mención de responsabilidad, etc. Pedro José Fernández Concellón
250 ## - MENCION DE EDICION
Mención de edición Primera edición
260 ## - PUBLICACIÓN, DISTRIBUCIÓN, ETC.
Lugar de publicación, distribución, etc. Madrid
Nombre del editor, distribuidor, etc. Síntesis
Fecha de publicación, distribución, etc. 2020
300 ## - DESCRIPCIÓN FÍSICA
Extensión 296 páginas
Otras características físicas ilustraciones
Dimensiones 26 cm.
650 ## - PUNTO DE ACCESO ADICIONAL DE MATERIA--TÉRMINO DE MATERIA
Término de materia o nombre geográfico como elemento de entrada Ingeniería mecatrónica
650 ## - PUNTO DE ACCESO ADICIONAL DE MATERIA--TÉRMINO DE MATERIA
Término de materia o nombre geográfico como elemento de entrada Sistemas microelectromecánicos
650 ## - PUNTO DE ACCESO ADICIONAL DE MATERIA--TÉRMINO DE MATERIA
Término de materia o nombre geográfico como elemento de entrada Fabricación mecánica
650 ## - PUNTO DE ACCESO ADICIONAL DE MATERIA--TÉRMINO DE MATERIA
Término de materia o nombre geográfico como elemento de entrada Mantenimiento industrial
902 ## - ELEMENTOS DE DATOS B LOCAL, LDB (RLIN)
a Libro
c Impreso
942 ## - ELEMENTOS DE ENTRADA SECUNDARIOS (KOHA)
Tipo de ítem Koha Libros
Existencias
Estatus retirado Estado de pérdida Fuente de la clasificación o esquema de estantería Estado de daño Restricciones de uso No para préstamo Biblioteca de origen Biblioteca actual Ubicación en estantería Fecha de adquisición Etiqueta RFID Total de préstamos Signatura topográfica completa Código de barras Visto por última vez Copia número Fecha de reemplazo Tipo de ítem Koha Nota pública
    Clasificación Decimal Dewey   En reparación   CENTRO DE INFORMACIÓN BIBLIOTECARIA CENTRO DE INFORMACIÓN BIBLIOTECARIA   17/09/2025 0000000000000000037997   621.81 FER 81109 26/09/2025 1 17/09/2025 Libros CIB

Copyright 2025 ESPOL. Todos los derechos reservados.